000 00479nam a2200193 a 4500
001 1766824441289
003 YourLibrary
005 20251229124158.0
008 251227s2001##################000#0#eng##
020 _a9780810840690
082 0 4 _a294.303
_bPRE
100 1 _aPrebish, Charles S.,
_eauthor.
245 1 0 _aThe A to Z of Buddhism :
260 _c2001.
300 _a314 pages
650 0 _aReligion.
942 _cENGLISH
040 _aYourLibrary
_beng
_cYourLibrary
999 _c605675
_d605675